000 00433nam a2200169Ia 4500
003 GCL
008 140319s9999 xx 000 0 eng d
040 _aGCL /
_cGCL
082 0 4 _a069.52
_bP C
100 1 _aPATTIEK, E
245 1 0 _aCATALOGUE DES ANTIQUITES ASSYRIENNES /
_cPATTIEK, E
260 _a[S.N] :
_bMUSEES NATIONAUX ،
_c1924
300 _a157
650 0 4 _aMUSEUMS
650 0 4 _aASSYRIA, ANTIQUITIES
942 _2ddc
_cBK
999 _c20711
_d20711